01361nam a22001457a 4500020001800000082001600018100002100034245007100055260002800126300001400154440005000168504003600218520081300254650014801067 a9780415372190 a340.1bEDW- aFeasel, Edward M aExports, Trade Policy and Economic Growth in Eras of Globalization aLondonbRoutledgec2018 axiv, 227p aRoutledge studies in the modern world economy aIncludes bibliography and index aThis book provides an excellent resource for understanding the forces in international trade liberalization over two centuries that have brought us to this point, where the successes, setbacks and the countervailing forces now vie for the public's mind and support: the outcome of which will determine the future progress of increased globalization or lack thereof. The book also examines whether trade policy has indeed promoted exports in the vast number of countries which increasingly look to trade agreements to gain a competitive edge, and to what extent export-driven growth has been an important force in advancing economic development around the world. In doing so, the book examines one of the most controversial issues in economic development: the promotion and significance of export-led growth.  aLaw--Economic aspectsvCommercial policyvDevelopment economicsvGlobalization--Economic aspectsvDevelopment economicsvEconomic historyzAsia